[Event "Lamia-ch 1213"]
[Site "Lamia"]
[Date "2012.12.08"]
[Round "2"]
[White "Karandreas, Apostolos"]
[Black "Ntoulias, Christos"]
[Result "1-0"]
[WhiteElo "1776"]
[BlackElo "1310"]
[PlyCount "61"]
[EventDate "2012.12.02"]
[EventType "tourn"]
[EventRounds "15"]
[EventCountry "GRE"]
[SourceTitle "EXT 2024"]
[Source "ChessBase"]
[SourceDate "2023.10.10"]
[SourceVersion "1"]
[SourceVersionDate "2023.10.10"]
[SourceQuality "1"]

1. e4 e6 2. b3 b6 3. Bb2 Nf6 4. e5 Nd5 5. d4 Bb7 6. Nf3 f6 7. Nbd2 Bb4 8. c4 Nc3 9. Bxc3 Bxc3 10. Rc1 Bb4 11. Bd3 d6 12. Qe2 0-0 13. 0-0 fxe5 14. dxe5 Bxd2 15. Qxd2 Bxf3 16. gxf3 dxe5 17. Qc2 Qg5+ 18. Kh1 g6 19. Be4 c6 20. Rg1 Qh5 21. Rg4 Rf6 22. Rcg1 Kg7 23. Qd3 Na6 24. Qd7+ Kf8 25. Qb7 Nc7 26. Qxc7 Rf7 27. Qxc6 Re8 28. Qd6+ Rfe7 29. Rg5 Qh6 30. Qxe5 Rd8 31. Qh8+ 1-0